Ssarikollo isa on kom hyŏngjedŭl /
Saved in:
| Main Author: | |
|---|---|
| Other Authors: | |
| Format: | Book |
| Language: | Korean |
| Published: |
[Pʻyŏngyang] :
Kŭmsŏng Chʻŏngnyŏn Chʻulpʻansa,
1979.
|
| Subjects: | |
| Tags: |
Add Tag
No Tags, Be the first to tag this record!
|
| LEADER | 00903cam a2200253 a 4500 | ||
|---|---|---|---|
| 001 | 004813402-3 | ||
| 005 | 20024617123543.0 | ||
| 008 | 830720s1979 kn a j r 000 1 kor | ||
| 010 | |a 83175227 /AK | ||
| 035 | 0 | |a ocm10559184 | |
| 040 | |a DLC |c DLC |d OCoLC |d MH-HY |d CStRLIN | ||
| 050 | 0 | |a PZ50.52 |b .K59 1979 | |
| 100 | 1 | |6 880-01 |a Ko, Sang-hun. | |
| 245 | 1 | 0 | |6 880-02 |a Ssarikollo isa on kom hyŏngjedŭl / |c Ko Sang-hun chiŭm ; Maeng Chʻŏr-hwan kŭrim. |
| 260 | |a [Pʻyŏngyang] : |b Kŭmsŏng Chʻŏngnyŏn Chʻulpʻansa, |c 1979. | ||
| 300 | |a 80 p. : |b chiefly col. ill. ; |c 26 cm. | ||
| 500 | |a Juvenile literature. | ||
| 650 | 0 | |a Children's stories, Korean |z Korea (North) | |
| 700 | 1 | |6 880-03 |a Maeng, Chʻŏr-hwan. | |
| 880 | 1 | |6 100-01 |a 고상훈. | |
| 880 | 1 | 0 | |6 245-02 |a 싸리골로이사온곰형제들 / |c 고상훈지음; 릴철환그림. |
| 880 | 1 | |6 700-03 |a 릴철환. | |
| 988 | |a 20021207 | ||
| 906 | |0 DLC | ||


